Central Library OPAC University of Rajshahi

Mental health and social welfare / (Record no. 6308)

MARC details
000 -LEADER
fixed length control field 01006cam a22003011 4500
001 - CONTROL NUMBER
control field 6308
003 - CONTROL NUMBER IDENTIFIER
rucl marc code BD-RjUL
005 - DATE AND TIME OF LATEST TRANSACTION
control field 20211208234224.0
008 - FIXED-LENGTH DATA ELEMENTS--GENERAL INFORMATION
fixed length control field 140109s1961 nyu b 000 0 eng
035 ## - SYSTEM CONTROL NUMBER
System control number (BD-RjUL)6348
System control number (OCoLC)264117
040 ## - CATALOGING SOURCE
Original cataloging agency DLC
Transcribing agency ODaWU
Modifying agency OCoLC
-- DLC
-- BD-RjUL
Language of cataloging eng
041 ## - LANGUAGE CODE
Language code of text/sound track or separate title eng
082 00 - DEWEY DECIMAL CLASSIFICATION NUMBER
Classification number 362.2
Author mark and year MEN 1961
111 2# - MAIN ENTRY--MEETING NAME
Meeting name or jurisdiction name as entry element National Conference on Social Welfare.
9 (RLIN) 19864
245 10 - TITLE STATEMENT
Title Mental health and social welfare /
Statement of responsibility, etc. by Robert H. Felix [and others]
260 ## - PUBLICATION, DISTRIBUTION, ETC. (IMPRINT)
Place of publication, distribution, etc. New York :
Name of publisher, distributor, etc. Columbia University Press,
Date of publication, distribution, etc. 1961.
300 ## - PHYSICAL DESCRIPTION
Pagination xii, 203 p. ;
Size 21 cm.
500 ## - GENERAL NOTE
General note Papers presented at the 1960 annual forum of the National Conference on Social Welfare.
504 ## - BIBLIOGRAPHY, ETC. NOTE
Bibliography, etc Includes bibliography.
650 #0 - SUBJECT ADDED ENTRY--TOPICAL TERM
Topical term or geographic name as entry element Psychiatric social work.
9 (RLIN) 18517
Topical term or geographic name as entry element Mental illness.
9 (RLIN) 19852
Topical term or geographic name as entry element Public welfare.
9 (RLIN) 19853
700 1# - ADDED ENTRY--PERSONAL NAME
Personal name Felix, Robert H. [and others]
Fuller form of name (Robert Hanna),
Dates associated with a name 1904-
942 ## - ADDED ENTRY ELEMENTS (KOHA)
Source of classification or shelving scheme Dewey Decimal Classification
Koha item type Books
Holdings
Lost status Source of classification or shelving scheme Damaged status Not for loan Collection code Permanent Location Current Location Shelving location Date acquired Source of acquisition Cost, normal purchase price Total Checkouts Full call number Date last seen Copy number Koha item type
  Dewey Decimal Classification   Not For Loan Fiction Central Library, University of Rajshahi Central Library, University of Rajshahi   07/10/1969 Mirza books agency 20.00   362.2 MEN 1961 09/01/2014 C-1 Books
  Dewey Decimal Classification     Non-fiction Central Library, University of Rajshahi Central Library, University of Rajshahi   07/10/1969 Mirza books agency 20.00   362.2 MEN 1961 22/08/2016 C-2 Books
  Dewey Decimal Classification     Non-fiction Central Library, University of Rajshahi Central Library, University of Rajshahi   07/10/1969 Mirza books agency 20.00   362.2 MEN 1961 22/08/2016 C-3 Books
  Dewey Decimal Classification     Non-fiction Central Library, University of Rajshahi Central Library, University of Rajshahi   07/10/1969 Mirza books agency 20.00   362.2 MEN 1961 22/08/2016 C-4 Books
  Dewey Decimal Classification     Non-fiction Central Library, University of Rajshahi Central Library, University of Rajshahi   07/10/1969 Mirza books agency 20.00   362.2 MEN 1961 22/08/2016 C-5 Books
  Dewey Decimal Classification     Non-fiction Central Library, University of Rajshahi Central Library, University of Rajshahi   07/10/1969 Mirza book agency 20.00   362.2 MEN 1961 24/08/2016 C-6 Books